000 00413nam a22001457a 4500
005 20160201151001.0
008 160201b xxu||||| |||| 00| 0 eng d
040 _cPK-LaUMT
082 _aAMC 959.7043
_bFRA-D
100 _aFrank snepp
245 _aDecent interval
_bthe american debacle in vietnam and the fall of saigon
_cFrank snepp
260 _aLondon
_bPenguin books
_c1977
300 _a496 p.
942 _cBK
999 _c82489
_d82489